USA: 50 villes, 50 états - Statistiques

Statistiques générales
  • Ce quiz a été pris 2 166 fois
  • Le résultat moyen est 15 sur 50
Statistiques - réponses
Réponse % Correct
Nevada
82%
Hawaï
78%
Louisiane
76%
Nouveau-Mexique
64%
Caroline du Nord
57%
Massachusetts
56%
Texas
56%
Californie
51%
Ohio
45%
Pennsylvanie
40%
Alaska
39%
Maryland
39%
Vermont
33%
Arizona
32%
Idaho
32%
Iowa
32%
Missouri
31%
New York
31%
Floride
30%
Wyoming
30%
New Jersey
29%
Rhode Island
28%
Minnesota
27%
Oklahoma
26%
Géorgie
25%
Mississippi
25%
Virginie-Occidentale
23%
Dakota du Nord
22%
Dakota du Sud
22%
Nebraska
22%
Connecticut
21%
Kansas
21%
Kentucky
21%
Michigan
21%
Alabama
20%
Caroline du Sud
20%
Oregon
20%
Delaware
19%
New Hampshire
19%
Virginie
19%
Wisconsin
19%
Colorado
18%
Montana
18%
Washington
18%
Maine
17%
Indiana
16%
Tennessee
14%
Utah
14%
Arkansas
12%
Illinois
12%
Aucun quiz correspondant
Distribution des résultats
% des personnes avec chaque résultat
Percentile par nombre de réponses
Votre historique - résultats
Vous n’avez pas pris ce quiz